Tārīkh adab al-shaʻb : nashāʼatuhu taṭawwurātuhu aʻlāmuhu /

Saved in:

Main Author: Riyāḍ, Ḥusayn Maẓlūm (Author)

Other Authors: Ṣabbāḥī, Muṣṭafá Muḥammad.

Format: Book

Language: Arabic

Published: [Cairo] : Matḅaʻat al-Saʻādah, 1936.

Subjects:

Tags: Add Tag

No Tags, Be the first to tag this record!

Call Number: PJ8210 .R5 1936

LEADER 01112nam a2200217Ia 4500
005 20240110081903.0
008 130303s1936 ua a 000 0 ara d
952 |0 0  |1 0  |2 lcc  |4 0  |6 PJ8210 R5 01936  |7 1  |9 59157  |a ARCE  |b ARCE  |d 2024-01-10  |l 0  |o PJ8210 .R5 1936  |p 1031037  |r 2024-01-10 00:00:00  |w 2024-01-10  |y BK 
999 |c 29389  |d 29389 
040 |c ARCE Library 
050 4 |a PJ8210 .R5 1936 
100 1 |6 880-01  |a Riyāḍ, Ḥusayn Maẓlūm,  |e author 
245 1 0 |6 880-02  |a Tārīkh adab al-shaʻb :   |b nashāʼatuhu taṭawwurātuhu aʻlāmuhu /   |c bi-qalam Ḥusayn Maẓlūm Riyāḍ, Muṣṭafá Muḥammad al-Ṣabbāḥī. 
264 1 |a [Cairo] :   |b Matḅaʻat al-Saʻādah,   |c 1936. 
300 |a 336 pages :   |b illustrations ;   |c 22 cm. 
650 0 |a Arabic poetry  |x History and criticism. 
700 1 |a Ṣabbāḥī, Muṣṭafá Muḥammad.  |9 38874 
880 1 |6 100-01/(3/r  |a رياض، حسين مظلوم 
880 1 0 |6 245-02/(3/r  |a تاريخ أدب الشعب :   |b نشأته، تطوراته، أعلامه   |c بقلم حسين مظلوم رياض، مصطفى محمد الصباحي 
901 |a reviewed 
942 |c BK  |2 lcc